| Tag |
First Indicator |
Second Indicator |
Subfields |
| LEADER |
00000cam a2200000 a 4500 |
| 001 |
in00002043901 |
| 005 |
20211202202753.0 |
| 006 |
m d f |
| 008 |
041202s2004 dcu s f000 0 eng c |
| 035 |
|
|
|a (OCoLC)ocm57134742
|
| 040 |
|
|
|a GPO
|c GPO
|d MvI
|d UtOrBLW
|
| 042 |
|
|
|a pcc
|
| 043 |
|
|
|a n-us---
|
| 049 |
|
|
|a WWW
|
| 074 |
|
|
|a 1002-A (online)
|
| 074 |
|
|
|a 1002-B (online)
|
| 086 |
0 |
|
|a Y 4.T 19/4:T 19/136
|
| 088 |
|
|
|a JCX-70-04
|
| 245 |
0 |
0 |
|a Description of the "Tax Technical Corrections Act of 2004" /
|c prepared by the staff of the Joint Committee on Taxation.
|
| 264 |
|
1 |
|a [Washington, D.C.] :
|b [Joint Committee on Taxation],
|c [2004]
|
| 336 |
|
|
|a text
|b txt
|2 rdacontent
|
| 337 |
|
|
|a computer
|b c
|2 rdamedia
|
| 338 |
|
|
|a unspecified
|b zu
|2 rdacarrier
|
| 538 |
|
|
|a Mode of access: Internet from the JCT web site. Address as of 12/2/04: http://www.house.gov/jct/x-70-04.pdf; current access available via PURL.
|
| 500 |
|
|
|a Title from title screen (viewed Dec. 2, 2004).
|
| 500 |
|
|
|a "November 19, 2004."
|
| 500 |
|
|
|a "JCX-70-04."
|
| 500 |
|
|
|a Electronic resource.
|
| 650 |
|
0 |
|a Income tax
|x Law and legislation
|z United States.
|
| 650 |
|
0 |
|a Taxation
|x Law and legislation
|z United States.
|
| 710 |
1 |
|
|a United States.
|b Congress.
|b Joint Committee on Taxation.
|
| 856 |
4 |
0 |
|u https://purl.fdlp.gov/GPO/LPS55705
|t 0
|
| 999 |
|
|
|a MARS
|
| 999 |
f |
f |
|s 145847ba-ffee-3c17-b83f-42705b66dbee
|i 4df7f3d7-6f0b-3cf6-9dc4-719d160b7f14
|t 0
|
| 952 |
f |
f |
|a Texas A&M University
|b College Station
|c Electronic Resources
|d Available Online
|t 0
|e Y 4.T 19/4:T 19/136
|h Superintendent of Documents classification
|
| 998 |
f |
f |
|a Y 4.T 19/4:T 19/136
|t 0
|l Available Online
|